MARC details
| 000 -LEADER |
| campo de control de longitud fija |
01572cam a2200421Li 4500 |
| 001 - NÚMERO DE CONTROL |
| campo de control |
86595 |
| 005 - FECHA Y HORA DE LA ÚLTIMA TRANSACCIÓN |
| campo de control |
20230410115533.0 |
| 008 - DATOS DE LONGITUD FIJA--INFORMACIÓN GENERAL |
| campo de control de longitud fija |
020110s2001 fr 000 0 fre d |
| 035 ## - NÚMERO DE CONTROL DEL SISTEMA |
| Número de control de sistema |
(OCoLC)ocn469430902 |
| 040 ## - FUENTE DE CATALOGACIÓN |
| Centro catalogador/agencia de origen |
BDF |
| Lengua de catalogación |
fre |
| Centro/agencia transcriptor |
BDF |
| 015 ## - NÚMERO DE BIBLIOGRAFÍA NACIONAL |
| Número de bibliografía nacional |
00202211 |
| Fuente |
bnf |
| 016 7# - NÚMERO DE CONTROL DE UNA AGENCIA BIBLIOGRÁFICA NACIONAL |
| Número de control del registro |
FRBNF37711708000000X |
| Fuente |
FrPBN |
| 020 ## - NÚMERO INTERNACIONAL ESTÁNDAR DEL LIBRO |
| Número Internacional Estándar del Libro |
272460864X (br) |
| 020 ## - NÚMERO INTERNACIONAL ESTÁNDAR DEL LIBRO |
| Número Internacional Estándar del Libro |
9782724608649 (br) |
| 035 ## - NÚMERO DE CONTROL DEL SISTEMA |
| Número de control de sistema |
(OCoLC)469430902 |
| 082 1# - NÚMERO DE LA CLASIFICACIÓN DECIMAL DEWEY |
| Número de clasificación |
306.3 |
| Número de edición |
22 |
| 050 14 - SIGNATURA TOPOGRÁFICA DE LA BIBLIOTECA DEL CONGRESO |
| Número de clasificación |
HD78 |
| Número de ítem |
R597 2001 |
| 100 1# - ENTRADA PRINCIPAL--NOMBRE DE PERSONA |
| Nombre de persona |
Rist, Gilbert, |
| Fechas asociadas al nombre |
1938- |
| 245 13 - MENCIÓN DEL TÍTULO |
| Título |
Le développement : |
| Resto del título |
histoire d'une croyance occidentale / |
| Mención de responsabilidad, etc. |
Gilbert Rist. |
| 250 ## - MENCION DE EDICION |
| Mención de edición |
2e éd. mise á jour et augm. |
| 260 ## - PUBLICACIÓN, DISTRIBUCIÓN, ETC. |
| Lugar de publicación, distribución, etc. |
Paris : |
| Nombre del editor, distribuidor, etc. |
Presses de la Fondation nationale des sciences politiques, |
| Fecha de publicación, distribución, etc. |
2001 |
| Lugar de fabricación/manufactura |
(53-Mayenne : |
| Fabricante |
Impr. Floch) |
| 300 ## - DESCRIPCIÓN FÍSICA |
| Extensión |
442 p. ; |
| Dimensiones |
19 cm. |
| 490 0# - MENCIÓN DE SERIE |
| Mención de serie |
Références inédites |
| 500 ## - NOTA GENERAL |
| Nota general |
Bibliogr. p. 423-436. Index. |
| 650 #7 - PUNTO DE ACCESO ADICIONAL DE MATERIA--TÉRMINO DE MATERIA |
| Término de materia o nombre geográfico como elemento de entrada |
Développement économique |
| Subdivisión general |
Aspect social. |
| Fuente del encabezamiento o término |
ram |
| 650 #7 - PUNTO DE ACCESO ADICIONAL DE MATERIA--TÉRMINO DE MATERIA |
| Término de materia o nombre geográfico como elemento de entrada |
Développement économique |
| Subdivisión general |
Anthropologie. |
| Fuente del encabezamiento o término |
ram |
| 650 #7 - PUNTO DE ACCESO ADICIONAL DE MATERIA--TÉRMINO DE MATERIA |
| Término de materia o nombre geográfico como elemento de entrada |
Prográes. |
| Fuente del encabezamiento o término |
ram |
| 650 #7 - PUNTO DE ACCESO ADICIONAL DE MATERIA--TÉRMINO DE MATERIA |
| Término de materia o nombre geográfico como elemento de entrada |
Civilisation occidentale. |
| Fuente del encabezamiento o término |
ram |
| 760 0# - ENLACE A UNA SERIE PRINCIPAL |
| Título |
Références inédites (Paris)., |
| Lugar, editor y fecha de publicación |
2001 |
| Número Internacional Normalizado para Publicaciones Seriadas |
1275-0050 |
| Número de control del registro |
(FrPBN)34290873 |
| 760 0# - ENLACE A UNA SERIE PRINCIPAL |
| Título |
Références (Paris. 1981), |
| Lugar, editor y fecha de publicación |
2001 |
| Número Internacional Normalizado para Publicaciones Seriadas |
0293-5686 |
| Número de control del registro |
(FrPBN)34229400 |
| 856 42 - LOCALIZACIÓN Y ACCESO ELECTRÓNICOS |
| Materiales especificados |
Notice et cote du catalogue de la Bibliotháeque nationale de France |
| Identificador Uniforme de Recursos |
<a href="http://catalogue.bnf.fr/ark:/12148/cb37711708p">http://catalogue.bnf.fr/ark:/12148/cb37711708p</a> |
| 886 1# - INFORMACIÓN DE CAMPO MARC FORÁNEO |
| 2 |
intermrc |
| a |
009 |
| b |
ax-d--------------- |
| 886 2# - INFORMACIÓN DE CAMPO MARC FORÁNEO |
| 2 |
intermrc |
| a |
680 |
| b |
0- |
| a |
30 |
| 886 2# - INFORMACIÓN DE CAMPO MARC FORÁNEO |
| 2 |
intermrc |
| a |
917 |
| b |
-- |
| o |
OPL |
| a |
027048959 |
| 942 ## - ELEMENTOS DE ENTRADA SECUNDARIOS (KOHA) |
| Fuente del sistema de clasificación o colocación |
Clasificación de Library of Congress |
| Tipo de ítem Koha |
|
| 994 ## - |
| -- |
C0 |
| -- |
DRFGD |
| 946 ## - PROCESAMIENTO DE INFORMACIÓN LOCAL (OCLC) |
| a |
cc |